Big box preservation

Saved in:
Bibliographic Details
Main Author: Franeková, Laura (Author)
Other Authors: Janák, Michal (Thesis advisor)
Format: Manuscript Book
Language:Slovak
Published: 2025
Subjects:
Online Access:http://is.stuba.sk/zp/portal_zp.pl?podrobnosti=185291
Tags: Add Tag
No Tags, Be the first to tag this record!

MARC

LEADER 00000ntm a22000003a 4500
001 stuzp104614
003 SK-STU
005 20250607210641.0
007 ta
008 150427s2015----xo-----f-mn---000-0-slo-d
040 |a STU  |b slo 
041 0 |a slo 
100 1 |a Franeková, Laura  |u 050000  |4 aut  |T FAD Fakulta architektúry a dizajnu  |X 103767  |U A  |Y 50  |7 103767 
242 0 1 |a BIG BOX PRESERVATION  |y eng 
245 1 0 |a Big box preservation 
260 |c 2025 
650 4 |a climates zones  |2 eng 
650 4 |a public function  |2 eng 
650 4 |a embedding  |2 eng 
650 4 |a verejná funkcia  |2 slo 
650 4 |a klimatické zóny  |2 slo 
650 4 |a vkladanie  |2 slo 
700 1 |a Janák, Michal  |4 ths  |X 40127  |7 A000040127 
856 4 |u http://is.stuba.sk/zp/portal_zp.pl?podrobnosti=185291